000 00472nam a22001697a 4500
005 20250602135725.0
008 250602b |||||||| |||| 00| 0 eng d
020 _a0258249X
041 _aEnglish
082 _a349 IND
100 _lEnglish
245 _aIndustrial Law Journal
260 _aCape Town:
_bJuta and Company (Pty) Ltd,
_c2025
300 _bviii, 704 pages;
_c25 cm.
650 _aLegal practice
_bLaw
942 _cBK
_6ALISON_BN_VRIES
999 _c3307
_d3307